| Tag |
First Indicator |
Second Indicator |
Subfields |
| LEADER |
00000cam a2200000 a 4500 |
| 001 |
in00001237792 |
| 005 |
20151003071919.0 |
| 008 |
940809s1995 maua b 001 0 eng |
| 010 |
|
|
|a 94034433
|
| 020 |
|
|
|a 0201820803
|
| 035 |
|
|
|a (OCoLC)31045432
|
| 035 |
|
|
|9 AGT5423AM
|
| 040 |
|
|
|a DLC
|c DLC
|d UtOrBLW
|
| 049 |
|
|
|a TXAM
|
| 050 |
0 |
0 |
|a QA76.73.L16
|b B83 1995
|
| 082 |
0 |
0 |
|a 005.13/3
|2 20
|
| 100 |
1 |
|
|a Budd, Timothy.
|
| 245 |
1 |
0 |
|a Multiparadigm programming in Leda /
|c Timothy Budd.
|
| 264 |
|
1 |
|a Reading, Mass. :
|b Addison-Wesley,
|c [1995]
|
| 264 |
|
4 |
|c ©1995
|
| 300 |
|
|
|a xvi, 394 pages :
|b illustrations ;
|c 24 cm.
|
| 336 |
|
|
|a text
|b txt
|2 rdacontent
|
| 337 |
|
|
|a unmediated
|b n
|2 rdamedia
|
| 338 |
|
|
|a volume
|b nc
|2 rdacarrier
|
| 504 |
|
|
|a Includes bibliographical references (pages 383-389) and index.
|
| 650 |
|
0 |
|a Leda (Computer program language)
|
| 650 |
|
0 |
|a Multiparadigm programming (Computer science)
|
| 650 |
|
0 |
|a Object-oriented programming (Computer science)
|
| 650 |
|
0 |
|a Functional programming (Computer science)
|
| 650 |
|
0 |
|a Logic programming.
|
| 999 |
|
|
|a MARS
|
| 999 |
f |
f |
|s 6f8c8fe3-5cf9-3ff6-9a6e-beb246cf08c2
|i 338ee160-6446-36a3-bd51-9fdaeaebca5e
|t 0
|
| 952 |
f |
f |
|p ric
|a Texas A&M University
|b Rellis Campus
|c Joint Library Facility
|d Remote Storage
|t 0
|e QA76.73.L16 B83 1995
|h Library of Congress classification
|i unmediated -- volume
|m A14819450803
|
| 998 |
f |
f |
|a QA76.73.L16 B83 1995
|t 0
|l Remote Storage
|